BRICS and the New American Imperialism : Global rivalry and resistance (Record no. 89630)

MARC details
000 -LEADER
fixed length control field 02464nam a2200277Ia 4500
000 - LEADER
fixed length control field 03087naaa 00409uu
001 - CONTROL NUMBER
control field https://directory.doabooks.org/handle/20.500.12854/30339
005 - DATE AND TIME OF LATEST TRANSACTION
control field 20260218105548.0
008 - FIXED-LENGTH DATA ELEMENTS--GENERAL INFORMATION
fixed length control field 211013s9999 xx 000 0 und d
024 ## - OTHER STANDARD IDENTIFIER
Standard number or code 10.18772/22020035287
042 ## - AUTHENTICATION CODE
Authentication code dc
245 #0 - TITLE STATEMENT
Title BRICS and the New American Imperialism : Global rivalry and resistance
260 ## - PUBLICATION, DISTRIBUTION, ETC.
Place of publication, distribution, etc. Johannesburg
Name of publisher, distributor, etc. Wits University Press
Date of publication, distribution, etc. 2020
300 ## - PHYSICAL DESCRIPTION
Extent 1 electronic resource (256 p.)
520 ## - SUMMARY, ETC.
Summary, etc. BRICS is a grouping of the five major emerging economies of Brazil, Russia, India, China and South Africa. Volume five in the Democratic Marxism series, BRICS and the New American Imperialism challenges the mainstream understanding of BRICS and US dominance to situate the new global rivalries engulfing capitalism. It offers novel analyses of BRICS in the context of increasing US induced imperial chaos, deepening environmental crisis tendencies (such as climate change and water scarcity), contradictory dynamics inside BRICS countries and growing subaltern resistance. The authors revisit contemporary thinking on imperialism and anti-imperialism, drawing on the work of Rosa Luxemburg, one of the leading theorists after Marx, who attempted to understand the expansionary nature of capitalism from the heartlands to the peripheries. The richness of Luxemburg's pioneering work inspires most of the volume's contributors in their analyses of the dangerous contradictions of the contemporary world as well as forms of democratic agency advancing resistance. While various forms of resistance are highlighted, among them water protests, mass worker strikes, anti-corporate campaigning and forms of cultural critique, this volume grapples with the challenge of renewing anti-imperialism beyond the NGO-driven World Social Forum and considers the prospects of a new horizontal political vessel to build global convergence. It also explores the prospects of a Fifth International of Peoples and Workers.
540 ## - TERMS GOVERNING USE AND REPRODUCTION NOTE
Terms governing use and reproduction Creative Commons
653 ## - INDEX TERM--UNCONTROLLED
Uncontrolled term Politics & government
700 1# - ADDED ENTRY--PERSONAL NAME
Personal name Adam, Ferrial
700 1# - ADDED ENTRY--PERSONAL NAME
Personal name Amin, Samir
700 1# - ADDED ENTRY--PERSONAL NAME
Personal name Bond, Patrick
700 1# - ADDED ENTRY--PERSONAL NAME
Personal name Carroll, William K.
700 1# - ADDED ENTRY--PERSONAL NAME
Personal name Satgar, Vishwas
856 ## - ELECTRONIC LOCATION AND ACCESS
Uniform Resource Identifier <a href="https://docs.google.com/spreadsheets/d/1yKIrdCPDAG_9c22mwoOIO2DOhtj65Wqa/edit?usp=sharing&ouid=106555315294820607512&rtpof=true&sd=true ">https://docs.google.com/spreadsheets/d/1yKIrdCPDAG_9c22mwoOIO2DOhtj65Wqa/edit?usp=sharing&ouid=106555315294820607512&rtpof=true&sd=true </a>
Link text List of Curated E-Books
942 ## - ADDED ENTRY ELEMENTS (KOHA)
Koha item type E-Book

No items available.

University of Rizal System
Email us at univlibservices@urs.edu.ph

Visit our Website www.urs.edu.ph/library